| 000 | 00000nam 2200000zi 4500 |
| 001 | 9.946645 |
| 003 | CaOODSP |
| 005 | 20250122101155 |
| 006 | m o d f |
| 007 | cr bn||||||||| |
| 008 | 250108t19751975onc o f001 0 fre d |
| 040 | |aCaOODSP|bfre|erda|cCaOODSP |
| 043 | |an-cn--- |
| 086 | 1 |aNR24-84/1975F-PDF |
| 086 | 1 |aNR24-84/1975-1F-PDF |
| 245 | 00|aNormes de construction résidentielle Canada 1975 / |cpublié par le Comité associé du Code national du bâtiment, Conseil national de recherches du Canada. |
| 250 | |aTroisième édition 1975. |
| 264 | 1|aOttawa, Canada : |bConseil national de recherches du Canada, |c1975. |
| 264 | 4|c©1975 |
| 300 | |a1 ressource en ligne (x, 203 pages) + |e1 errata (1 page) |
| 336 | |atexte|btxt|2rdacontent/fre |
| 337 | |ainformatique|bc|2rdamedia/fre |
| 338 | |aressource en ligne|bcr|2rdacarrier/fre |
| 500 | |aPublié aussi en anglais sous le titre : Residential Standards Canada 1975. |
| 500 | |aÉdition numérisée de l’imprimé [par Conseil national de recherches Canada]. |
| 500 | |a« Première édition 1965, deuxième édition 1970. » |
| 500 | |aErrata publié en octobre 1976. |
| 500 | |a« Contract No. 07KX 31040-6-0148. » |
| 500 | |aComprend un index. |
| 520 | |a« L'édition de 1975 des Normes de construction résidentielle, remplace le Code canadien de construction résidentielle, 1970. Elle a été préparée par le Comité permanent des maisons et petits bâtiments qui est responsable auprès du Comité associé du Code national du bâtiment sous les auspices duquel elle est publiée. La version française des Normes a été rédigée avec l'aide du Comité permanent mixte de terminologie française du CNB/CNPI qui, conjointement avec un Groupe de travail, a eu l'entière responsabilité de la terminologie technique utilisée dans ce document. La traduction originale a été faite par le Bureau de traduction du Secrétariat d'État. La réalisation d'une traduction qui reflète fidèlement l'esprit de l'édition anglaise s'est avérée une tâche très complexe et très prenante, et le Comité associé tient à exprimer sa gratitude aux personnes qui ont consacré leur temps et leurs efforts à cette fin. Les Normes de construction résidentielle regroupent les exigences relatives aux habitations qui sont contenues dans la partie 9 du Code national du bâtiment du Canada, 1975. Ces exigences sont en caractères gras. Il y a également d'autres exigences (en caractères légers) qui dépassent le cadre du Code national du bâtiment et qui sont considérées comme nécessaires pour réglementer la construction résidentielle en vertu de la Loi nationale sur l'Habitation. Lorsqu'il a été nécessaire de changer le libellé des exigences de la partie 9 pour mieux refléter la portée du présent document, les changements ont été faits en caractères légers. Ce document n'a pas été rédigé pour servir de règlement municipal de la construction et lorsque seules les exigences de la partie 9 s'appliquent, il faut chaque fois se reporter au Code national du bâtiment » -- Préface, page vii. |
| 650 | 6|aHabitations|xConstruction|xDroit|zCanada. |
| 650 | 6|aConstruction|xMatériaux|xNormes|zCanada. |
| 650 | 6|aHabitations|xConstruction|xNormes|zCanada. |
| 710 | 2 |aConseil national de recherches Canada. |bComité associé sur le Code national du bâtiment, |eorganisme de publication. |
| 775 | 08|tResidential Standards Canada 1975 / |w(CaOODSP)9.946638 |
| 794 | |tNormes de construction résidentielle Canada 1977 / |w(CaOODSP)9.946661 |
| 795 | |tCode canadien pour la construction résidentielle (normes résidentielles) 1970 / |w(CaOODSP)9.946609 |
| 856 | 40|qPDF|s11.4 Mo|uhttps://publications.gc.ca/collections/collection_2025/cnrc-nrc/NR24-84-1975-fra.pdf|zNormes |
| 856 | 40|qPDF|s70.8 Ko|uhttps://publications.gc.ca/collections/collection_2025/cnrc-nrc/NR24-84-1975-1-fra.pdf|zErrata |
| 986 | |aCNRC n° 13991F |